00985cam a2200277 a 4500999001900000001000800019003000500027005001700032008004100049010001700090020001500107040001800122050002200140082002100162100003300183245009400216260003800310300003200348500002000380501000800400650007200408650005400480906004500534942001800579952011000597 c342309d3423094867977NUST20171218100935.0920304s1992 azua 001 0 eng  a 92009672  a0897747224 aDLCcDLCdDLC00aPE1475b.D38 199200a808.0665 DAY2201 aDay, Robert A.,d1924-9739810aScientific English :ba guide for scientists and other professionals /cby Robert A. Day. aPhoenix, AZ :bOryx Press,c1992. ax, 125 p. :bill. ;c23 cm. aIncludes index. aP.B 0aEnglish languagexTechnical EnglishvHandbooks, manuals, etc.97401 0aTechnical writingvHandbooks, manuals, etc.97402 a7bcbccorignewd1eocipf19gy-gencatlg 2ddccBKkIESE 00102ddc40708NFICaIESEbIESEcGENd2017-12-18l0o808.0665 DAYpIESE-230r2017-12-18w2017-12-18yBK